000 00533nam a2200181Ia 4500
005 20250326125221.0
008 250326s9999 xx 000 0 und d
037 _aTextbook
040 _aFMSL
_beng
_cFMSL
041 _aeng
_2eng
084 _aX5:54.44'N63-N51 L2
_qFMSL
100 _aDesai P
_9737231
245 0 _aImporta substitution in the Indian economy 1951-63
_cDesai P
260 _aDelhi
_bDelhi, Hindustan
_c1972
300 _a140p
942 _cTB
_hX5:54.44'N63-N51 L2
999 _c1277050
_d1277050